| Tag |
First Indicator |
Second Indicator |
Subfields |
| LEADER |
00000cam a2200000 i 4500 |
| 001 |
in00003523621 |
| 005 |
20210430152144.0 |
| 006 |
m o d f |
| 007 |
cr c|||||||||| |
| 008 |
141124s2014 dcu o f000 0 eng c |
| 035 |
|
|
|a (OCoLC)ocn896822797
|
| 042 |
|
|
|a pcc
|
| 043 |
|
|
|a n-us---
|
| 040 |
|
|
|a GPO
|b eng
|e rda
|e pn
|c GPO
|d MvI
|
| 049 |
|
|
|a WWW
|
| 074 |
|
|
|a 0431-Z-06 (online)
|
| 086 |
0 |
|
|a EP 12.15:15-P-0013
|
| 110 |
1 |
|
|a United States.
|b Environmental Protection Agency.
|b Office of the Inspector General,
|e author.
|
| 245 |
1 |
0 |
|a No significant residual contamination found at deleted superfund sites, but security fences were damaged at some sites.
|
| 246 |
1 |
|
|i At head of title:
|a Cleaning up communities
|
| 264 |
|
1 |
|a Washington, DC :
|b U.S. Environmental Protection Agency, Office of Inspector General,
|c 2014.
|
| 300 |
|
|
|a 1 online resource (16 pages).
|
| 336 |
|
|
|a text
|b txt
|2 rdacontent
|
| 337 |
|
|
|a computer
|b c
|2 rdamedia
|
| 338 |
|
|
|a online resource
|b cr
|2 rdacarrier
|
| 490 |
1 |
|
|a Report ;
|v no. 15-P-0013
|
| 500 |
|
|
|a Title from title screen (viewed on Nov. 24, 2014).
|
| 500 |
|
|
|a "November 10, 2014."
|
| 650 |
|
0 |
|a Hazardous waste sites
|z United States
|x Management.
|
| 650 |
|
0 |
|a Hazardous waste sites
|z United States
|x Remote sensing.
|
| 650 |
|
0 |
|a Pollution
|z United States
|x Measurement.
|
| 830 |
|
0 |
|a Report (United States. Environmental Protection Agency. Office of Inspector General) ;
|v no. 15-P-0013.
|
| 856 |
4 |
0 |
|u https://purl.fdlp.gov/GPO/gpo53468
|t 0
|
| 856 |
4 |
0 |
|u http://purl.fdlp.gov/GPO/gpo53468
|t 0
|
| 999 |
f |
f |
|s 2776d23b-a17b-3cf7-abf4-533507de937e
|i d3beaebc-a91f-3a1c-95ad-e42fc64377d9
|t 0
|
| 952 |
f |
f |
|a Texas A&M University
|b College Station
|c Electronic Resources
|d Available Online
|t 0
|e EP 12.15:15-P-0013
|h Superintendent of Documents classification
|
| 998 |
f |
f |
|a EP 12.15:15-P-0013
|t 0
|l Available Online
|